Indian Society/ (Record no. 211270)

MARC details
000 -LEADER
fixed length control field 00555nam a22001937a 4500
005 - DATE AND TIME OF LATEST TRANSACTION
control field 20250514155416.0
010 ## - LCCN (DPL NO)
LC control number ENG-144884
020 ## - INTERNATIONAL STANDARD BOOK NUMBER
Terms of availability 301.0954
International Standard Book Number 9788123710310
035 ## - SYSTEM CONTROL NUMBER
System control number EN-128418
037 ## - SOURCE OF ACQUISITION
Source of stock number/acquisition DBAD
082 ## - DEWEY DECIMAL CLASSIFICATION NUMBER
Classification number 301.09541
Edition number 1
100 ## - MAIN ENTRY--PERSONAL NAME
Personal name Dube, S.C
245 ## - TITLE STATEMENT
Title Indian Society/
Statement of responsibility, etc S.C Dube
260 ## - PUBLICATION, DISTRIBUTION, ETC. (IMPRINT)
Place of publication, distribution, etc New Delhi
Name of publisher, distributor, etc Director,National Book Trust
Date of publication, distribution, etc 1990
270 ## - ADDRESS
Address Nehru Bhawan,5 Institutional Area,Phase-II
City new Delhi
Postal code 110070
300 ## - PHYSICAL DESCRIPTION
Extent 147p
Dimensions 21(pb)
760 ## - MAIN SERIES ENTRY
Edition 1
942 ## - ADDED ENTRY ELEMENTS (KOHA)
Source of classification or shelving scheme Dewey Decimal Classification
Item type English Books
Classification part 301.0954
Call number suffix DUB
Edition 1
Holdings
Withdrawn status Lost status Not for loan Collection code Home library Current library Date acquired Source of acquisition Cost, normal purchase price Full call number Barcode Copy number Koha item type
      Non-fiction Janak Puri Janak Puri 14/05/2025 DBAD 75.00 301.0954 DUB EN-128416 1 English Books

© Delhi Public Library
Hit Counter
free hit counter